Polskie Kluby Piłkarskie - Statistics

General Stats
  • This quiz has been taken 191 times
  • The average score is 65 of 160
Answer Stats
Hint Answer % Correct
Siedlce | Szczecin | Świebodzin Pogoń
93%
Warszawa Legia
87%
Poznań Lech
84%
Kraków | Puławy | Płock Wisła
79%
Bytom | Nysa | Przemyśl | +2 others Polonia
78%
Gdynia Arka
75%
Dzierżoniów | Gdańsk | Tomaszów Mazowiecki | Zielona Góra Lechia
75%
Konin | Polkowice | Wałbrzych | +2 others Górnik
70%
Bełchatów | Katowice | Tychy | Wikielec GKS
68%
Białystok Jagiellonia
68%
Łomża | Łódź ŁKS
68%
Kraków Cracovia
65%
Wrocław Śląsk
65%
Brzeg | Głowno | Mielec | +3 others Stal
64%
Lubin | Sosnowiec | Wałbrzych Zagłębie
64%
Częstochowa Raków
63%
Łódź Widzew
62%
Lublin Motor
61%
Gorzów Wielkopolski | Poznań | Sieradz Warta
60%
Radom Radomiak
59%
Kielce Korona
58%
Bytom Odrzański | Opole Odra
58%
Chorzów | Wysokie Mazowieckie | Zdzieszowice Ruch
56%
Gliwice | Iłowa Piast
55%
Biała Piska | Pruszków Znicz
53%
Hajnówka | Niepołomice Puszcza
52%
Janikowo | Krapkowice | Leszno | +3 others Unia
52%
Kraków Wieczysta
52%
Kalisz KKS
51%
Bydgoszcz Zawisza
51%
Elbląg | Grudziądz | Zambrów Olimpia
50%
Kołobrzeg Kotwica
49%
Kraków Hutnik
47%
Rzeszów Resovia
46%
Toruń Elana
44%
Legnica Miedź
43%
Chojnice Chojniczanka
42%
Głogów Chrobry
42%
Kluczbork | Władysławowo MKS
42%
Nowy Sacz Sandecja
42%
Wasilków KS
41%
Bielsko-Biała Podbeskidzie
40%
Świdnik Avia
39%
Szczecin Świt
39%
Tarnobrzeg Siarka
36%
Olsztyn Stomil
35%
Świnoujście Flota
34%
Częstochowa Skra
34%
Kleczew | Ostróda Sokół
33%
Suwałki Wigry
33%
Nieciecza Bruk-Bet Termalica
31%
Starachowice Star
30%
Nowy Targ Podhale
28%
Słupsk Gryf
27%
Ostrowiec Świętokrzyski KSZO
27%
Gdynia | Koszalin Bałtyk
26%
Kraków Garbarnia
25%
Radom Broń
24%
Bytów Bytovia
24%
Chełm Chełmianka
24%
Koszalin Gwardia
24%
Augustów | Brodnica | Kazimierza Wielka Sparta
24%
Białystok | Zamość Hetman
23%
Bydgoszcz | Kędzierzyn-Koźle | Police Chemik
22%
Nakło | Żagań Czarni
22%
Krosno Karpaty
22%
Stargard Błękitni
21%
Dębica Wisłoka
21%
Ząbki Ząbkovia
21%
Legionowo Legionovia
20%
Jarosław JKS
19%
Wrocław Ślęza
19%
Gubin Carina
15%
Jędrzejów Naprzód
14%
Łowicz Pelikan
14%
Kartuzy Cartusia
13%
Jelenia Góra Karkonosze
13%
Ostrów Wielkopolski Ostrovia
13%
Świecie Wda
13%
Jarocin Jarota
12%
Gniezno Mieszko
12%
Ełk Mazur
11%
Gorzów Wielkopolski Stilon
10%
Grajewo Warmia
10%
Gdańsk Gedania
9%
Busko-Zdrój AKS
8%
Lublin Lublinianka
8%
Międzyrzecz Orzeł
8%
Biała Podlaska Podlasie
8%
Warszawa Ursus
8%
Kietrz | Pabianice Włókniarz
8%
Morąg Huragan
7%
Iława Jeziorak
7%
Radzyń Podlaski Orlęta
7%
Szczecin Arkonia
6%
Pińczów Nida
6%
Malbork Pomezania
6%
Elbląg Concordia
5%
Nowe Miasto Lubawskie Drwęca
5%
Skarżysko-Kamienna Granat
5%
Ozimek Małapanew
5%
Końskie Neptun
5%
Włocławek Włocławia
5%
Ożarów Alit
4%
Tomaszów Lubelski Tomasovia
4%
Żary Płomień
3%
Zgierz Boguta
1%
Szczecinek Darzbór
1%
Prudnik Kabewiak
1%
No matching quizzes found
Score Distribution
Percent of People with Each Score
Percentile by Number Answered
Your Score History
You have not taken this quiz